Superman II (1980) Characters - Statistics

General Stats
  • This quiz has been taken 12 times
  • The average score is 9 of 17
Answer Stats
Hint Answer % Correct
Gene Hackman Lex Luthor
100%
Margot Kidder Lois Lane
100%
Christopher Reeve Superman/ Clark Kent/ Kal-El
100%
Terence Stamp General Zod
82%
Marc McClure Jimmy Olsen
82%
Jackie Cooper Perry White
73%
Ned Beatty Otis
64%
Sarah Douglas Ursa
64%
Valerie Perrine Eve Tessmacher
55%
Susannah York Lara
55%
Jack O'Holleran Non
45%
E.G. Marshall The President
45%
Glenn Pa Kent
18%
Clifton James Sheriff
18%
John Ratzenburger Controller #1
9%
Richard Donnor Man Walking by Diner
9%
Pepper Martin Rocky
9%
No matching quizzes found
Score Distribution
Percent of People with Each Score
Percentile by Number Answered
Your Score History
You have not taken this quiz